<?xml version="1.0" encoding="UTF-8"?><?xml-stylesheet type="text/xsl" href="static/style.xsl"?><OAI-PMH xmlns="http://www.openarchives.org/OAI/2.0/" xmlns:xsi="http://www.w3.org/2001/XMLSchema-instance" xsi:schemaLocation="http://www.openarchives.org/OAI/2.0/ http://www.openarchives.org/OAI/2.0/OAI-PMH.xsd"><responseDate>2026-06-02T03:53:11Z</responseDate><request verb="GetRecord" identifier="oai:riuma.uma.es:10630/11280" metadataPrefix="marc">https://riuma.uma.es/rest/oai/request</request><GetRecord><record><header><identifier>oai:riuma.uma.es:10630/11280</identifier><datestamp>2026-02-03T12:20:37Z</datestamp><setSpec>com_10630_2254</setSpec><setSpec>col_10630_37959</setSpec></header><metadata><record xmlns="http://www.loc.gov/MARC21/slim" xmlns:dcterms="http://purl.org/dc/terms/" xmlns:doc="http://www.lyncode.com/xoai" xmlns:xsi="http://www.w3.org/2001/XMLSchema-instance" xsi:schemaLocation="http://www.loc.gov/MARC21/slim http://www.loc.gov/standards/marcxml/schema/MARC21slim.xsd">
   <leader>00925njm 22002777a 4500</leader>
   <datafield ind2=" " ind1=" " tag="042">
      <subfield code="a">dc</subfield>
   </datafield>
   <datafield ind2=" " ind1=" " tag="720">
      <subfield code="a">Triguero Hernández, Arantxa</subfield>
      <subfield code="e">author</subfield>
   </datafield>
   <datafield ind2=" " ind1=" " tag="260">
      <subfield code="c">2016-05-04</subfield>
   </datafield>
   <datafield ind2=" " ind1=" " tag="520">
      <subfield code="a">Las migraciones es un fenómeno que no queda ajeno a los menores de edad, incluso a menores que viajan solos sin un adulto como referente que les acompañe. Mediante esta charla trataremos de hacer un acercamiento a la realidad de los menores extranjeros no acompañados (MENAS), siendo los temas que trataremos los siguientes: &#xd;
o	Quiénes son y a quiénes se engloba dentro del concepto de MENAS y su definición legal.&#xd;
o	Marco legal: al ser menores existen convenios internacionales que les ampara, además de una legislación específica como menores no acompañados por ningún adulto.&#xd;
o	Hechos y cifras, trataremos de hacer un acercamiento con los últimos datos publicados.&#xd;
o	Vías de regularización de los MENAS y ex – MENAS (vía extranjería, vía asilo).&#xd;
o	Recursos para las necesidades básicas del menor en la localidad de Málaga.&#xd;
o	Pisos de ex tutelados: medidas para los mayores de edad.&#xd;
o	Retorno a su país, en qué supuestos es posible.</subfield>
   </datafield>
   <datafield ind1="8" ind2=" " tag="024">
      <subfield code="a">http://hdl.handle.net/10630/11280</subfield>
   </datafield>
   <datafield tag="653" ind2=" " ind1=" ">
      <subfield code="a">Niños -- Protección, asistencia, etc.</subfield>
   </datafield>
   <datafield ind2="0" ind1="0" tag="245">
      <subfield code="a">Las migraciones de menores de edad: Menores Extranjeros no acompañados (MENAs)</subfield>
   </datafield>
</record>
</metadata></record></GetRecord></OAI-PMH>